Epistola Pastoralis Episcopi Nitriensis

Bibliographic Details
Format: Book
Language:English
PhysicalDescription:92 s.
Published: Tyrnaviae [Typis Coll. Academ. Soc. Jesu] 1766

MARC

LEADER 00000nam a2200000 a 4500
001 vtls008688371
003 SK-MaSNL
005 20260223135713.0
008 060404 000 0 eng
040 |a SNK  |b slo  |c SNK  |e AACR2 
245 1 |a Epistola Pastoralis Episcopi Nitriensis 
260 |a Tyrnaviae  |b [Typis Coll. Academ. Soc. Jesu]  |c 1766 
300 |a 92 s. 
999 |c 565831  |d 567761 
952 |a SNK  |b SNK  |y VYP  |7 0  |p 17X08688371002  |o snkSD 2243 D1  |i snkKSF 693/56  |3 Rekatalogizácia  |0 0  |1 0  |4 0  |d 2006-04-04  |l 0  |r 2026-02-23 13:57:13  |w 2026-02-23 
952 |a SNK  |b SNK  |y VYP  |7 0  |p 17X08688371003  |o snkSD 2243 D2  |i snkF 2993/67  |3 Rekatalogizácia  |0 0  |1 0  |4 0  |d 2006-04-04  |l 0  |r 2026-02-23 13:57:13  |w 2026-02-23 
952 |a SNK  |b SNK  |y VYP  |7 0  |p 17X08688371004  |o snkSD 2243 D3  |i snkF 1842/82  |3 Rekatalogizácia  |0 0  |1 0  |4 0  |d 2006-04-04  |l 0  |r 2026-02-23 13:57:13  |w 2026-02-23